| 000 | 00548nam a2200169Ia 4500 | ||
|---|---|---|---|
| 999 |
_c22395 _d22395 |
||
| 003 | OSt | ||
| 005 | 20200515090739.0 | ||
| 008 | 190216s9999||||xx |||||||||||||| ||und|| | ||
| 040 | _coclc | ||
| 082 |
_a297.63 _bNAD/M |
||
| 100 |
_aNadwi, Saiyid Sulaiman _92248 |
||
| 245 | 0 |
_aMuhammad The Ideal Prophet / _cSaiyid Sulaiman Nadwi |
|
| 260 |
_bIslamic Research And Publications, _c1981. _aLucknow: |
||
| 300 | _a191p | ||
| 650 | 0 |
_aHistory & geography _vIslamic History _92271 |
|
| 942 |
_cBK _2ddc _h297.63 _iNAD/M _k297.63 _mNAD/M |
||